000 00361nam a2200121Ia 4500
008 160609s9999 xx 000 0 und d
100 _aGiannopoulou, Zina.
245 _aMulholland Drive (philosophers On Film)
245 _cBy:Zina Giannopoulou
260 _c2013
650 _xINTRODUCTION TO FILM
856 _uhttp://file.ebook777.com/012/MulDri(phOnFil.pdf
999 _c295618
_d295618